Días de clase : culturas y estéticas contemporáneas /
Guardado en:
| Autor Principal: | |
|---|---|
| Formato: | Libro |
| Publicado: |
Buenos Aires :
Aique,
2001
|
| Series: | Colección Los libros del docente
|
| Materias: | |
| Etiquetas: |
Agregar Etiqueta
Sin Etiquetas, Sea el primero en etiquetar este registro!
|
| LEADER | 00780nam a22002175a 4500 | ||
|---|---|---|---|
| 001 | CEM.cems010570 | ||
| 005 | 20080508131637.0 | ||
| 008 | 130507s2001##################000#0#####d | ||
| 003 | CEMS | ||
| 020 | |a 9507017658 | ||
| 082 | 0 | 4 | |a 301.153 |
| 100 | 1 | |a Amigo, Roberto | |
| 245 | 1 | 0 | |a Días de clase : |b culturas y estéticas contemporáneas / |c Roberto Amigo |
| 260 | |a Buenos Aires : |b Aique, |c 2001 | ||
| 300 | |a 63 p. + 1 disquete | ||
| 490 | 0 | |a Colección Los libros del docente | |
| 500 | |a Acompaña al libro de texto Culturas y estéticas contemporáneas | ||
| 653 | |a Cultura-polimodal | ||
| 653 | |a Estéticas contemporáneas-polimodal | ||
| 859 | |a CEMS |b BIB. CEMS - 11 de abril |h 301.153 |i Am53-1 |p 21106.01 |t Ej.1 | ||
| 859 | |a CEMS |b BIB. CEMS - 11 de abril |h 301.153 |i Am53-1 |p 23901.07 |t Ej.2 | ||
